000 00788nam a2200229 i 4500
001 59218
003 ES-MaACL
005 20251014063122.0
007 t|
008 031028s1918 sp ||||1| spa d
080 _a821.111(73)-94"18"
100 1 _aEmerson, Ralph Waldo,
_d1803-1882
_947147
245 1 0 _aDiario íntimo /
_cde R.W. Emerson ; traducción por Luis de Terán.
260 _aMadrid :
_bLa España Moderna,
_c[1918 ?]
300 _a2 v. ;
_c23 cm.
490 1 _aBiblioteca de jurisprudencia, filosofía e historia
505 8 _aContiene: T. I: 1820-1839 T.II: 1840-1876
700 1 _aTerán, Luis de,
_d1864-1935
_9109725
830 0 0 _aBiblioteca de jurisprudencia, filosofía e historia
_9180691
852 _aES-MaACL
_jF-14469-70
999 _c59218
_d59218